Axiomatique intuitionniste sans négation de la géométrie projective /

Guardado en:
Autor Principal: Dequoy, Nicole, 1923-
Formato: Libro
Idioma:French
Publicado: Paris : Louvain : Gauthier-Villars ; E. Nauwelaerts, 1955.
Series:Collection de logique mathématique. Série A ; VI
Etiquetas: Agregar Etiqueta
Sin Etiquetas, Sea el primero en etiquetar este registro!
LEADER 00611nam a22001695a 4500
001 MAT.inmabb000306
008 031209s1955####fr#a##########001#0#fre#d
005 20110228160250.0
245 1 0 |a Axiomatique intuitionniste sans négation de la géométrie projective /  |c par N. Dequoy. 
260 |a Paris :  |b Gauthier-Villars ;  |a Louvain :  |b E. Nauwelaerts,  |c 1955. 
300 |a 108 p. :  |b il. ;  |c 25 cm. 
440 0 |a Collection de logique mathématique.  |p Série A ;  |v VI 
510 4 |a MR,  |c 16,783d 
100 1 |a Dequoy, Nicole,  |d 1923- 
084 |a 03F55 (51)  |2 msc2000 
010 |a a 55004186  
859 |h 03  |i D426  |p A-45  |b BIB. MATEMATICA